| 000 | 00620nam a2200181Ia 4500 | ||
|---|---|---|---|
| 008 | 100921s9999 xx 000 0 und d | ||
| 082 |
_b16213 _a808.5 थ 79 |
||
| 100 | _aआपटे वा.शि. | ||
| 245 | _aभाषणे कशी करावीत. | ||
| 260 |
_bसरिता प्रकाशन, पुणे. _c1979 |
||
| 300 |
_a132 _b--- |
||
| 365 | _b12 | ||
| 520 | _aललित-भाषणकला. | ||
| 630 | _aभाषणे कशी करावीत. | ||
| 650 | _aललित-भाषणकला. | ||
| 730 | _aभाषणे कशी करावीत. | ||
| 942 | _cBOOK | ||
| 999 |
_c765326 _d765323 |
||